000 00820nam a2200265Ia 4500
999 _c54348
_d54348
001 21404
003 GE_BSU
005 20211110165151.0
008 181216s ||||enk|||||||||||||| ||eng||
020 _a0471613762
040 _cGE_BSU
080 _a537.811 Cr-87
100 _aCrane, Robert K.
_912895
245 _aElectromagnetic Wave Propagation Through Rain /
_cRobert K. Crane ; Editor Jin Au Kong.
264 _aNew York :
_bJohn Wiley & Sons, Inc,
_c1996.
300 _a273 p. ;
_c24 cm.
440 _aWiley Series in remote sensing
_912896
500 _aBibl. p. : 261-269 ; Index. p. : 271-273
541 _h120 Gel.
653 _aElectromagnetic Wave Propagation Through Rain
653 _aфизика
653 _aფიზიკა
700 _aKong, Jin Au
_eEditor
_912897
942 _cBK
_2udc